Powiaty Województwa Podkarpackiego - Nagła Śmierć - Statystyki

Ogólne statystyki
  • Ten quiz został rozwiązany 40 razy
  • Średni wynik to 12 z 13
Answers on the Grid
Answers color-coded by a green-red scale on the quiz's grid according to % correct below.
Gorlicki
Dąbrowski
Łańcucki
Lubaczowski
Janowski
Bialski
Wielicki
Tarnobrzeg
Grójecki
Pucki
Ostrołęka
Lubański
Jarosławski
Milicki
Dębicki
Górowski
Rzeszów
Przeworski
Ropczycko - Sędziszowski
Karkonoski
Strzyżowski
Włodawski
Myślenicki
Brodnicki
Kolneński
Moniecki
Kolbuszowski
Krośnieński
Przemyśl
Brzozowski
 
Statystyki odpowiedzi
Odpowiedź % Poprawnych
Kolbuszowski
93%
Krośnieński
93%
Ropczycko - Sędziszowski
93%
Łańcucki
93%
Jarosławski
90%
Lubaczowski
90%
Rzeszów
90%
Tarnobrzeg
90%
Brzozowski
87%
Dębicki
87%
Przemyśl
87%
Przeworski
87%
Strzyżowski
83%
Nie znaleziono quizów pasujących do podanych kryteriów
Rozkład punktacji
Procent ludzi z każdym wynikiem
Percentyl według liczby udzielonych odpowiedzi
Twoja historia wyników
Nie rozwiązałeś tego quizu